Stitutions d’e’crit
Gorde:
| Formatua: | Liburua |
|---|---|
| Argitaratua: |
1990
|
| Etiketak: |
Etiketa erantsi
Etiketarik gabe, Izan zaitez lehena erregistro honi etiketa jartzen!
|
| Thư viện lưu trữ: | Mạng thư viện Đại học Đà Nẵng |
|---|
| LEADER | 00420nam a22001811a 4500 | ||
|---|---|---|---|
| 001 | 000036578 | ||
| 003 | 12873 | ||
| 005 | 20160408151554.0 | ||
| 008 | 160408s1990 000 | ||
| 082 | |a 4P(07) 344-45 | ||
| 245 | |a Stitutions d’e’crit | ||
| 260 | |c 1990 | ||
| OWN | |a LNN | ||
| 999 | |a From the UDN01 | ||
| TYP | |a Monograph | ||
| 980 | |a Mạng thư viện Đại học Đà Nẵng | ||